| 000 | 00854nam a2200265 i 4500 | ||
|---|---|---|---|
| 001 | bg | ||
| 100 | 1 | _aBAJER, Jarosław | |
| 245 | 1 | 0 |
_aNiezawodność systemów wodociągowych i kanalizacyjnych w zadaniach : _bpodręcznik dla studentów wyższych szkół technicznych / _cJarosław Bajer, Ryszard Iwanejko, Jadwiga Kapcia. |
| 260 |
_aKraków : _bWydawnictwo Politechniki Krakowskiej, _c2006. |
||
| 300 |
_a213 s. : _brys. ; _c24 cm. |
||
| 504 | _aBibliogr. | ||
| 650 | 9 | _aWodociągi | |
| 650 | 9 | _aKanalizacja | |
| 650 | 9 | _aNiezawodność urządzeń | |
| 655 | _aPodręczniki akademickie | ||
| 020 | _a8372424071 | ||
| 020 | _a9788372424075 | ||
| 040 | _cBPK | ||
| 041 | 0 | _apol | |
| 080 | _a628.1/.2:62-192](075.8) | ||
| 920 | _a83-7242-407-1 | ||
| 920 | _a978-83-7242-407-5 | ||
| 942 | _cKS | ||
| 008 | s pl f |000 0 pol | ||
| 999 |
_c53279 _d53279 |
||
| 856 |
_uhttp://koha.tu.koszalin.pl/cgi-bin/koha/opac-detail.pl?biblionumber=53279 _yKatalog online BPK |
||